LIBRARY & INFORMATION CENTRE, KCAET, TAVANUR

ONLINE PUBLIC ACCESS CATALOGUE (OPAC)

Ek aurath ki jindagi / (Record no. 7982)

MARC details
000 -LEADER
fixed length control field 00413cam a2200181ua 4500
041 ## - LANGUAGE CODE
Language code of text/sound track or separate title hin
082 ## - DEWEY DECIMAL CLASSIFICATION NUMBER
Classification number 891.54
Item number MOP/EK
100 ## - MAIN ENTRY--AUTHOR NAME
Personal name Mopasang, .
245 ## - TITLE STATEMENT
Title Ek aurath ki jindagi /
250 ## - EDITION STATEMENT
Edition statement 1 /
260 ## - PUBLICATION, DISTRIBUTION, ETC. (IMPRINT)
Place of publication :
Name of publisher Rajpal and Sanch ,
Year of publication 1960.
300 ## - PHYSICAL DESCRIPTION
Number of Pages 236 ; .
942 ## - ADDED ENTRY ELEMENTS (KOHA)
Koha item type Books
Holdings
Withdrawn status Lost status Damaged status Home library Current library Date acquired Full call number Accession Number Koha item type
      KAUAET KAUAET 07/04/2012 891.54 5771 Books
free website counter